Paul and the law : (Record no. 4964)
[ view plain ]
| 000 -LEADER | |
|---|---|
| fixed length control field | 00638cam a22002052 4500 |
| 001 - CONTROL NUMBER | |
| control field | 0000000900 |
| 005 - DATE AND TIME OF LATEST TRANSACTION | |
| control field | 20151217151800.0 |
| 008 - FIXED-LENGTH DATA ELEMENTS--GENERAL INFORMATION | |
| fixed length control field | 070222s xx 000 0 eng d |
| 020 ## - INTERNATIONAL STANDARD BOOK NUMBER | |
| International Standard Book Number | 0830818545 : |
| Terms of availability | KES 300 |
| 040 ## - CATALOGING SOURCE | |
| Original cataloging agency | KABU |
| Transcribing agency | KABU |
| 050 #0 - LIBRARY OF CONGRESS CALL NUMBER | |
| Classification number | BS2655 |
| Item number | .L35T45 |
| 100 1# - MAIN ENTRY--PERSONAL NAME | |
| Personal name | Thielman, Frank. |
| -- | 0000149327 |
| 245 10 - TITLE STATEMENT | |
| Title | Paul and the law : |
| Remainder of title | a contextual approach / |
| Statement of responsibility, etc. | Frank Thielman. |
| 260 ## - PUBLICATION, DISTRIBUTION, ETC. (IMPRINT) | |
| Place of publication, distribution, etc. | Downers Grove, Ill. : |
| Name of publisher, distributor, etc. | Inter Varsity Press, |
| Date of publication, distribution, etc. | 1994. |
| 300 ## - PHYSICAL DESCRIPTION | |
| Extent | 336 p. |
| 630 00 - SUBJECT ADDED ENTRY--UNIFORM TITLE | |
| Uniform title | Bible. N.T. Epistles of Paul |
| General subdivision | Theology. |
| -- | 0000149328 |
| 908 ## - PUT COMMAND PARAMETER (RLIN) | |
| Put command parameter | 070222 |
| 950 ## - LOCAL HOLDINGS (RLIN) | |
| -- | 1 |
| Withdrawn status | Lost status | Source of classification or shelving scheme | Not for loan | Home library | Current library | Date acquired | Total Checkouts | Full call number | Barcode | Date last seen | Date last checked out | Price effective from | Koha item type |
|---|---|---|---|---|---|---|---|---|---|---|---|---|---|
| Library of Congress Classification | Kabarak, Main Campus | Kabarak, Main Campus | 17/12/2015 | 1 | BS2655 .L35T45 | 000277 | 02/08/2024 | 17/03/2016 | 17/12/2015 | General Collection |